书目信息 |
| 题名: |
冻土地区路面基层结构与材料
|
|
| 作者: | 马骉 , 王秉纲 著 | |
| 分册: | ||
| 出版信息: | 北京 人民交通出版社 2007 |
|
| 页数: | 239页 | |
| 开本: | 23cm | |
| 丛书名: | 交通科技丛书 | |
| 单 册: | ||
| 中图分类: | U419.92 | |
| 科图分类: | ||
| 主题词: | 冻土区--dong tu qu--路面--道路工程--工程材料 , 冻土区--dong tu qu--路面--道路工程--工程结构 | |
| 电子资源: | ||
| ISBN: | 978-7-114-06868-3 | |
| 000 | 01152nam 2200277 450 | |
| 001 | 003752433 | |
| 005 | 20081008105000.87 | |
| 010 | @a978-7-114-06868-3@dCNY36.00 | |
| 100 | @a20080507d2007 em y0chiy0110 ea | |
| 101 | 0 | @achi |
| 102 | @aCN@b110000 | |
| 105 | @ay z 000yy | |
| 200 | 1 | @a冻土地区路面基层结构与材料@Adong tu di qu lu mian ji ceng jie gou yu cai liao@d= Pavement base structures and materials in frozen soil regions@f马骉, 王秉纲著@zeng |
| 210 | @a北京@c人民交通出版社@d2007 | |
| 215 | @a239页@d23cm | |
| 225 | 2 | @a交通科技丛书@Ajiao tong ke ji cong shu |
| 330 | @a本书内容包括:冻土及其工程性质,冻土地区公路工程特点,冻土地区路面基层与结构组合,水泥稳定粒料特性与组成设计,水泥稳定粒料基层施工,级配碎石材料特性与组成设计等。 | |
| 410 | 0 | @12001 @a交通科技丛书 |
| 510 | 1 | @aPavement base structures and materials in frozen soil regions@zeng |
| 606 | 0 | @a冻土区@Adong tu qu@x路面@x道路工程@x工程材料 |
| 606 | 0 | @a冻土区@Adong tu qu@x路面@x道路工程@x工程结构 |
| 690 | @aU419.92@v4 | |
| 701 | 0 | @a马骉@Ama biao@4著 |
| 701 | 0 | @a王秉纲@Awang bing gang@4著 |
| 801 | 0 | @aCN@bNLC@c20081008 |
| 905 | @aZUCC@dU419.92@eM127 | |
| 冻土地区路面基层结构与材料= Pavement base structures and materials in frozen soil regions/马骉, 王秉纲著.-北京:人民交通出版社,2007 |
| 239页;23cm.-(交通科技丛书) |
| ISBN 978-7-114-06868-3:CNY36.00 |
| 本书内容包括:冻土及其工程性质,冻土地区公路工程特点,冻土地区路面基层与结构组合,水泥稳定粒料特性与组成设计,水泥稳定粒料基层施工,级配碎石材料特性与组成设计等。 |
| ● |
| 相关链接 |
|
|
|
正题名:冻土地区路面基层结构与材料
索取号:U419.92/M127
 
预约/预借
| 序号 | 登录号 | 条形码 | 馆藏地/架位号 | 状态 | 备注 |
| 1 | 841173 | 208411734 | 自科库501/501自科库 53排7列3层/ [索取号:U419.92/M127] | 在馆 | |
| 2 | 841174 | 208411743 | 自科库501/501自科库 53排7列3层/ [索取号:U419.92/M127] | 在馆 | |
| 3 | 841175 | 208411752 | 自科库501/501自科库 53排7列3层/ [索取号:U419.92/M127] | 在馆 |